[Event "Isthmia op-A 2nd"]
[Site "Korinthos"]
[Date "2012.08.19"]
[Round "2"]
[White "Gogolis, Alexandros"]
[Black "Giannoulis, Ilias"]
[Result "1-0"]
[WhiteElo "2267"]
[BlackElo "1913"]
[PlyCount "143"]
[EventDate "2012.08.18"]
[EventType "swiss"]
[EventRounds "9"]
[EventCountry "GRE"]
[SourceTitle "CBM 150 Extra"]
[Source "ChessBase"]
[SourceDate "2012.10.19"]
[SourceVersion "1"]
[SourceVersionDate "2012.10.19"]
[SourceQuality "1"]

1. d4 Nf6 2. Nf3 g6 3. c3 Bg7 4. Bg5 d6 5. Nbd2 Nbd7 6. e4 e5 7. Bd3 0-0 8. 0-0 h6 9. Bh4 Re8 10. Re1 Nf8 11. dxe5 dxe5 12. Nc4 Bg4 13. h3 Bxf3 14. Qxf3 N8h7 15. Rad1 Qe7 16. Ne3 c6 17. Bc4 Ng5 18. Bxg5 hxg5 19. Ng4 Nxg4 20. Qxg4 Rad8 21. h4 Bf6 22. h5 gxh5 23. Qxh5 Kg7 24. Rxd8 Rxd8 25. Re3 Rh8 26. Qg4 Rh4 27. Qd1 Rh8 28. Qg4 Rh4 29. Qe2 Qf8 30. g3 Rh8 31. Rf3 Qd6 32. Rd3 Qe7 33. Kg2 Rd8 34. Rf3 Qd6 35. Rd3 Qe7 36. Rxd8 Qxd8 37. Qg4 b5 38. Bb3 a5 39. a4 Qd6 40. axb5 cxb5 41. Bd5 Bd8 42. Qe2 b4 43. cxb4 axb4 44. Qc4 Qe7 45. Qb5 Qd6 46. Qe8 Qe7 47. Qb5 Qd6 48. Qb7 Be7 49. Qc8 Qf6 50. f3 Qd6 51. Kh3 Bf8 52. Kg4 Qf6 53. b3 Be7 54. Qe8 Bc5 55. Bxf7 Bf8 56. Bd5 Qe7 57. Qxe7+ Bxe7 58. Kf5 Bd8 59. Bc6 Kh6 60. Kxe5 Bc7+ 61. Kf6 Bxg3 62. e5 Bh4 63. Kf7 Kh5 64. e6 g4 65. fxg4+ Kxg4 66. e7 Bxe7 67. Kxe7 Kf4 68. Kd6 Kf5 69. Kc5 Ke6 70. Kxb4 Kd6 71. Kb5 Kc7 72. Kc5 1-0

[Event "Patras op"]
[Site "Patras"]
[Date "2002.08.06"]
[Round "7.29"]
[White "Giannoulis, Ilias"]
[Black "Halit, Haka"]
[Result "0-1"]
[WhiteElo "1635"]
[BlackElo "2000"]
[PlyCount "36"]
[EventDate "2002.08.??"]
[EventType "swiss"]
[EventRounds "9"]
[EventCountry "GRE"]
[SourceTitle "CBM 089 Extra"]
[Source "ChessBase"]
[SourceDate "2002.09.10"]
[SourceVersion "2"]
[SourceVersionDate "2002.09.10"]
[SourceQuality "1"]

1. e4 e5 2. Nf3 Nc6 3. Bb5 Bc5 4. 0-0 Nf6 5. Nxe5 Nxe4 6. Bxc6 dxc6 7. Qf3 Qd5 8. Nxf7 0-0 9. d3 Nxf2 10. Qxd5 cxd5 11. Nd2 Rxf7 12. Nf3 Nxd3+ 13. Kh1 Nxc1 14. Raxc1 Bg4 15. Rcd1 c6 16. Rde1 Raf8 17. h3 Bxf3 18. gxf3 Rxf3 0-1

[Event "Patras op"]
[Site "Patras"]
[Date "2002.08.03"]
[Round "4.40"]
[White "Giannoulis, Ilias"]
[Black "Kourouklis, Efthymios Nektarios"]
[Result "1-0"]
[WhiteElo "1635"]
[BlackElo "1000"]
[PlyCount "43"]
[EventDate "2002.08.??"]
[EventType "swiss"]
[EventRounds "9"]
[EventCountry "GRE"]
[SourceTitle "CBM 089 Extra"]
[Source "ChessBase"]
[SourceDate "2002.09.10"]
[SourceVersion "2"]
[SourceVersionDate "2002.09.10"]
[SourceQuality "1"]

1. e4 c6 2. d4 d5 3. Nd2 e6 4. Ngf3 g6 5. Bd3 Bg7 6. 0-0 f5 7. exf5 gxf5 8. Nb3 h6 9. Re1 Nf6 10. Bxf5 Qd6 11. Nc5 Kf7 12. Ne5+ Ke8 13. Bg6+ Kd8 14. Nf7+ Kc7 15. Nxd6 Kxd6 16. Bf4+ Ke7 17. Qe2 Rd8 18. Nxe6 Ne4 19. Nxd8 Bxd4 20. Bxe4 dxe4 21. Qxe4+ Kxd8 22. Qe7# 1-0